Statistiken für Schlösser und Burgen der Welt

Klicken Sie hier um das Quiz zu spielen!

Allgemein

  • Dieses Quiz wurde 124 mal gespielt
  • Das Durchschnittsergebnis liegt bei 8 aus 24

Antwortstatistiken

Antwort% Korrekt
Neuschwanstein
95%
Versaille
85%
Buckingham Palace
69%
Engelsburg
58%
Verbotene Stadt
56%
Schönbrunn
55%
Wartburg
53%
Windsor
50%
Kreml
45%
Prager Burg
43%
Winterpalast
38%
Potala-Palast
32%
Alhambra
31%
Burgpalast
31%
Marienburg
30%
Elysee-Palast
14%
Castel del Monte
12%
Dover Castle
12%
Rotes Fort
10%
Topkapı-Palast
9%
Karlštejn
6%
Himeji
5%
Krak de Chevaliers
3%
Pena
2%

Verteilung der Resultate

Perzentil nach korrekt beantworteten Fragen

Anzahl Personen mit jedem Resultat

Ihre Resultats-Entwicklung

Sie haben dieses Quiz noch nicht gespielt